[Event "Crema op-A 17th"]
[Site "Crema"]
[Date "2016.09.03"]
[Round "3"]
[White "Tahiraj, Almir"]
[Black "Ventura, Franco"]
[Result "1/2-1/2"]
[WhiteElo "1906"]
[BlackElo "2075"]
[PlyCount "85"]
[EventDate "2016.09.02"]
[EventType "swiss"]
[EventRounds "6"]
[EventCountry "ITA"]
[SourceTitle "EXT 2018"]
[Source "ChessBase"]
[SourceDate "2017.10.13"]
[SourceVersion "1"]
[SourceVersionDate "2017.10.13"]
[SourceQuality "1"]

1. f4 e5 2. fxe5 Nc6 3. Nf3 d6 4. e4 Nxe5 5. d4 Nxf3+ 6. Qxf3 Qf6 7. Be3 Qxf3 8. gxf3 Bd7 9. Nd2 g6 10. 0-0-0 Bg7 11. Bc4 Ne7 12. c3 a6 13. h4 Be6 14. Bb3 Bxb3 15. axb3 0-0-0 16. Kc2 Rde8 17. b4 h6 18. Rdg1 Nd5 19. Kd3 Nxe3 20. Kxe3 h5 21. Kd3 Bh6 22. Re1 Re7 23. Nc4 Rhe8 24. Ne3 f5 25. Ng2 fxe4+ 26. fxe4 Rf8 27. Rhf1 Ref7 28. Rxf7 Rxf7 29. Ke2 Kd7 30. Rg1 g5 31. hxg5 Bxg5 32. Ne1 Bd8 33. Nf3 h4 34. Rh1 Rh7 35. Kf2 Ke6 36. Ke3 c6 37. Kf4 Rf7+ 38. Kg4 Rg7+ 39. Kf4 Rg2 40. Rh2 Rg8 41. Rh1 Rf8+ 42. Kg4 Rg8+ 43. Kf4 1/2-1/2

[Event "Villa Guardia D Oro Cup 32nd"]
[Site "Villa Guardia"]
[Date "2014.11.02"]
[Round "5"]
[White "Tahiraj, Almir"]
[Black "Primerano, Carlo"]
[Result "1-0"]
[WhiteElo "1844"]
[BlackElo "1723"]
[PlyCount "59"]
[EventDate "2014.10.26"]
[EventType "swiss"]
[EventRounds "6"]
[EventCountry "ITA"]
[SourceTitle "EXT 2016"]
[Source "ChessBase"]
[SourceDate "2015.10.08"]
[SourceVersion "1"]
[SourceVersionDate "2015.10.08"]
[SourceQuality "1"]

1. f4 d5 2. Nf3 Nf6 3. e3 Bg4 4. d4 e6 5. Bd3 c5 6. c3 cxd4 7. exd4 Bxf3 8. Qxf3 Be7 9. 0-0 0-0 10. f5 Nbd7 11. fxe6 fxe6 12. Qh3 Qb6 13. Re1 e5 14. Bxh7+ Nxh7 15. Qxd7 Qf6 16. Qxd5+ Kh8 17. Be3 Ng5 18. Nd2 Nh3+ 19. gxh3 Qg6+ 20. Kh1 Rf5 21. Qg2 Qh7 22. Rf1 Raf8 23. Rxf5 Rxf5 24. Rf1 Rxf1+ 25. Nxf1 exd4 26. Bxd4 Bf6 27. Bxa7 Qb1 28. a3 Kh7 29. Bg1 b5 30. Ng3 1-0

[Event "Villa Guardia D Oro Cup 32nd"]
[Site "Villa Guardia"]
[Date "2014.10.26"]
[Round "1"]
[White "Tahiraj, Almir"]
[Black "Villa, Martino"]
[Result "1-0"]
[WhiteElo "1844"]
[BlackElo "1425"]
[PlyCount "65"]
[EventDate "2014.10.26"]
[EventType "swiss"]
[EventRounds "6"]
[EventCountry "ITA"]
[SourceTitle "EXT 2016"]
[Source "ChessBase"]
[SourceDate "2015.10.08"]
[SourceVersion "1"]
[SourceVersionDate "2015.10.08"]
[SourceQuality "1"]

1. Nf3 Nf6 2. d4 g6 3. c4 Bg7 4. Nc3 d6 5. e4 0-0 6. Bg5 Nbd7 7. Qd2 e5 8. Bh6 Ne8 9. Be2 b6 10. 0-0 Bb7 11. d5 a5 12. a3 Nc5 13. Bxg7 Kxg7 14. Qc2 Bc8 15. b4 axb4 16. axb4 Rxa1 17. Rxa1 Nd7 18. Ra8 f5 19. Nb5 fxe4 20. Qxe4 Ndf6 21. Qh4 Qd7 22. Ng5 Kg8 23. Ne6 Rf7 24. Qh6 Ne4 25. f3 N4f6 26. Bd3 Bb7 27. Rd8 Qe7 28. Nbxc7 Qxd8 29. Nxd8 Rxc7 30. Ne6 Rf7 31. Bxg6 hxg6 32. Qxg6+ Kh8 33. Qxf7 1-0

[Event "Crema op 15th"]
[Site "Crema"]
[Date "2013.08.31"]
[Round "4"]
[White "Acunzo, Domenico"]
[Black "Tahiraj, Almir"]
[Result "1-0"]
[WhiteElo "1723"]
[BlackElo "1831"]
[PlyCount "25"]
[EventDate "2013.08.30"]
[EventType "swiss"]
[EventRounds "6"]
[EventCountry "ITA"]
[SourceTitle "EXT 2015"]
[Source "ChessBase"]
[SourceDate "2014.11.20"]
[SourceVersion "1"]
[SourceVersionDate "2014.11.20"]
[SourceQuality "1"]

1. e4 c6 2. d4 d5 3. e5 Bf5 4. Bd3 Bg6 5. Nf3 e6 6. 0-0 c5 7. c3 Nc6 8. Re1 Qb6 9. Re2 a6 10. Bg5 cxd4 11. cxd4 Nxd4 12. Nxd4 Qxd4 13. Bb5+ 1-0

[Event "Crema op 15th"]
[Site "Crema"]
[Date "2013.08.31"]
[Round "3"]
[White "Tahiraj, Almir"]
[Black "Bongiorni, Gabriele"]
[Result "1/2-1/2"]
[WhiteElo "1831"]
[BlackElo "1806"]
[PlyCount "57"]
[EventDate "2013.08.30"]
[EventType "swiss"]
[EventRounds "6"]
[EventCountry "ITA"]
[SourceTitle "EXT 2015"]
[Source "ChessBase"]
[SourceDate "2014.11.20"]
[SourceVersion "1"]
[SourceVersionDate "2014.11.20"]
[SourceQuality "1"]

1. f4 d5 2. Nf3 Nf6 3. d4 c5 4. e3 e6 5. c3 Be7 6. Bd3 b6 7. 0-0 Bb7 8. Nbd2 Ne4 9. Bb5+ Bc6 10. Qa4 Bxb5 11. Qxb5+ Qd7 12. Qd3 f5 13. Ne5 Qb7 14. Qe2 Nf6 15. Ndf3 Qa6 16. Qe1 Nbd7 17. Qg3 g6 18. Qh3 Nxe5 19. Nxe5 Rg8 20. Bd2 Qe2 21. Rf2 Qh5 22. Rf3 Qxh3 23. Rxh3 Ne4 24. Be1 h5 25. Kf1 Bd6 26. Nd3 c4 27. Nf2 a5 28. Rf3 Nxf2 29. Rxf2 1/2-1/2

[Event "Crema op 14th"]
[Site "Crema"]
[Date "2012.09.02"]
[Round "6"]
[White "Maltsev, Leonid"]
[Black "Tahiraj, Almir"]
[Result "1-0"]
[WhiteElo "1941"]
[BlackElo "1820"]
[PlyCount "49"]
[EventDate "2012.08.31"]
[EventType "swiss"]
[EventRounds "6"]
[EventCountry "ITA"]
[SourceTitle "EXT 2014"]
[Source "ChessBase"]
[SourceDate "2013.11.20"]
[SourceVersion "1"]
[SourceVersionDate "2013.11.20"]
[SourceQuality "1"]

1. e4 c6 2. d4 d5 3. exd5 cxd5 4. c4 Nf6 5. Nc3 e6 6. Nf3 Be7 7. cxd5 Nxd5 8. Bd3 0-0 9. 0-0 a6 10. Re1 Nc6 11. a3 b5 12. Nxd5 exd5 13. Qc2 Na5 14. Bxh7+ Kh8 15. Ne5 Qd6 16. Bd2 Nb3 17. Qxb3 Kxh7 18. Bb4 Qc7 19. Rac1 Qb7 20. Bxe7 Qxe7 21. Qd3+ Kg8 22. Ng6 Qd8 23. Ne7+ Kh8 24. Rxc8 Rxc8 25. Qh3# 1-0

[Event "Crema op 14th"]
[Site "Crema"]
[Date "2012.08.31"]
[Round "1"]
[White "Tahiraj, Almir"]
[Black "Rambaldi, Francesco"]
[Result "0-1"]
[WhiteElo "1820"]
[BlackElo "2272"]
[PlyCount "92"]
[EventDate "2012.08.31"]
[EventType "swiss"]
[EventRounds "6"]
[EventCountry "ITA"]
[SourceTitle "EXT 2014"]
[Source "ChessBase"]
[SourceDate "2013.11.20"]
[SourceVersion "1"]
[SourceVersionDate "2013.11.20"]
[SourceQuality "1"]

1. d4 Nf6 2. Nf3 g6 3. Bf4 Bg7 4. e3 0-0 5. Be2 d6 6. 0-0 Nbd7 7. c3 b6 8. h3 Bb7 9. Nbd2 c5 10. Qa4 a6 11. Qb3 Qc7 12. Rfe1 b5 13. a4 c4 14. Qc2 e5 15. dxe5 dxe5 16. Bg3 Nd5 17. Red1 Nc5 18. axb5 axb5 19. Rdb1 f6 20. h4 Rxa1 21. Rxa1 Nb6 22. h5 g5 23. Nd4 Qd7 24. Nf5 Rd8 25. Rd1 Nd3 26. Nxg7 Kxg7 27. Bf3 Bxf3 28. Nxf3 Na4 29. b3 Nac5 30. bxc4 bxc4 31. Qa2 Qa4 32. Ra1 Qxa2 33. Rxa2 Ne4 34. Ra7+ Kh6 35. Rc7 Nxc3 36. Rxc4 Ne2+ 37. Kh2 Kxh5 38. Rc6 Nxg3 39. Kxg3 Kg6 40. Ng1 h5 41. f3 h4+ 42. Kh2 Nb4 43. Rc4 Nd5 44. Re4 Nc3 45. Rc4 Nd1 46. e4 Rd2 0-1

[Event "Vimercate op 5th"]
[Site "Vimercate"]
[Date "2011.11.26"]
[Round "2"]
[White "Tahiraj, Almir"]
[Black "Calabrese, Maurizio"]
[Result "1-0"]
[WhiteElo "1799"]
[BlackElo "1531"]
[PlyCount "112"]
[EventDate "2011.11.25"]
[EventType "swiss"]
[EventRounds "5"]
[EventCountry "ITA"]
[SourceTitle "EXT 2014"]
[Source "ChessBase"]
[SourceDate "2013.11.20"]
[SourceVersion "1"]
[SourceVersionDate "2013.11.20"]
[SourceQuality "1"]

1. d4 Nf6 2. Nf3 e6 3. c4 Bb4+ 4. Nc3 0-0 5. Qc2 c5 6. e3 Nc6 7. Bd3 d5 8. dxc5 Re8 9. cxd5 exd5 10. 0-0 Bxc5 11. a3 Bg4 12. Be2 Rc8 13. Rd1 Ne5 14. Nd4 Bxe2 15. Qxe2 Nc6 16. Nxc6 bxc6 17. b4 Bb6 18. Qd3 Ng4 19. Qf5 Qh4 20. h3 Nh6 21. Qf3 Bc7 22. Ne2 Qf6 23. Qxf6 gxf6 24. Bb2 Be5 25. Nd4 c5 26. bxc5 Rxc5 27. Rab1 Kg7 28. Nf3 Nf5 29. Bd4 Ra5 30. Rb3 Rd8 31. Bxe5 fxe5 32. Nxe5 Rd6 33. Rbd3 Rc5 34. Nf3 Kf6 35. e4 dxe4 36. Rxd6+ Nxd6 37. Rxd6+ Ke7 38. Ra6 Rc1+ 39. Kh2 exf3 40. Rxa7+ Ke6 41. gxf3 Kf6 42. a4 Kg6 43. a5 h5 44. h4 Rc4 45. Kg3 f6 46. a6 f5 47. f4 Rc3+ 48. f3 Ra3 49. Ra8 Kg7 50. a7 Ra2 51. Kh3 Ra3 52. Kg2 Ra2+ 53. Kf1 Ra1+ 54. Ke2 Ra2+ 55. Ke3 Ra3+ 56. Kd4 Kf7 1-0

[Event "Vimercate op 5th"]
[Site "Vimercate"]
[Date "2011.11.26"]
[Round "3"]
[White "Tahiraj, Almir"]
[Black "Gojani, Mentor"]
[Result "1/2-1/2"]
[WhiteElo "1799"]
[BlackElo "2041"]
[PlyCount "38"]
[EventDate "2011.11.25"]
[EventType "swiss"]
[EventRounds "5"]
[EventCountry "ITA"]
[SourceTitle "EXT 2014"]
[Source "ChessBase"]
[SourceDate "2013.11.20"]
[SourceVersion "1"]
[SourceVersionDate "2013.11.20"]
[SourceQuality "1"]

1. d4 f5 2. g3 d5 3. c4 e6 4. cxd5 exd5 5. Bg2 c6 6. Nf3 Bd6 7. Bf4 Nf6 8. Nc3 0-0 9. 0-0 Ne4 10. e3 h6 11. a3 g5 12. Bxd6 Qxd6 13. Ne5 Nd7 14. f4 g4 15. Nxe4 dxe4 16. b4 h5 17. h4 a6 18. Qb3+ Qd5 19. Qxd5+ cxd5 1/2-1/2

[Event "Crema op 12th"]
[Site "Crema "]
[Date "2010.09.05"]
[Round "5"]
[White "Tagliaferri, Valerio"]
[Black "Tahiraj, Almir"]
[Result "1-0"]
[WhiteElo "1884"]
[BlackElo "1548"]
[PlyCount "92"]
[EventDate "2010.09.05"]
[EventType "swiss"]
[EventRounds "6"]
[EventCountry "ITA"]
[SourceTitle "EXT 2012"]
[Source "ChessBase"]
[SourceDate "2011.11.24"]
[SourceVersion "1"]
[SourceVersionDate "2011.11.24"]
[SourceQuality "1"]

1. d4 Nf6 2. c4 e6 3. Nc3 d5 4. Nf3 Be7 5. Bg5 0-0 6. e3 b6 7. cxd5 Nxd5 8. Nxd5 exd5 9. Bf4 Bg4 10. a3 Nd7 11. h3 Bh5 12. Rc1 c5 13. Ba6 Nf6 14. Bb7 Qd7 15. Bxa8 Rxa8 16. g4 Bg6 17. Ne5 Qb5 18. Nxg6 hxg6 19. Qe2 Qa5+ 20. Kf1 Re8 21. dxc5 bxc5 22. Kg2 Qb6 23. Qc2 Qb7 24. f3 Nd7 25. g5 a5 26. h4 Bf8 27. Qc3 f6 28. Rc2 a4 29. Rd2 Ne5 30. Bxe5 fxe5 31. Rhd1 d4 32. Qc4+ Qf7 33. Qxf7+ Kxf7 34. Kf2 Ke6 35. exd4 cxd4 36. Rc1 Kd5 37. Rc7 Re7 38. Rdc2 Rxc7 39. Rxc7 e4 40. fxe4+ Kxe4 41. Rc4 Kd3 42. Rxa4 Bd6 43. Ra6 Be5 44. Rc6 Ke4 45. Re6 Kd5 46. Rxe5+ Kxe5 1-0

[Event "Crema op 12th"]
[Site "Crema "]
[Date "2010.09.05"]
[Round "2"]
[White "Tahiraj, Almir"]
[Black "Bongiorni, Gabriele"]
[Result "1/2-1/2"]
[WhiteElo "1548"]
[BlackElo "1795"]
[PlyCount "134"]
[EventDate "2010.09.05"]
[EventType "swiss"]
[EventRounds "6"]
[EventCountry "ITA"]
[SourceTitle "EXT 2012"]
[Source "ChessBase"]
[SourceDate "2011.11.24"]
[SourceVersion "1"]
[SourceVersionDate "2011.11.24"]
[SourceQuality "1"]

1. d4 d5 2. Nf3 Nf6 3. Bf4 c6 4. e3 Nbd7 5. Bd3 b5 6. c3 a5 7. Nbd2 e6 8. Qc2 Be7 9. h3 Ba6 10. e4 dxe4 11. Nxe4 Nxe4 12. Bxe4 Bb7 13. Bxh7 Nf6 14. Be4 Bd6 15. Bg5 Qc7 16. Qe2 Nxe4 17. Qxe4 c5 18. Qe2 c4 19. Rd1 Bd5 20. Rg1 f6 21. Bc1 0-0-0 22. Be3 g5 23. Kd2 b4 24. Ke1 Qc6 25. Kf1 Rxh3 26. Ne1 Rh7 27. f3 Rdh8 28. Qf2 Qc7 29. Qc2 b3 30. axb3 cxb3 31. Qe2 Bc4 32. Nd3 Bg3 33. Bf2 Rh1 34. Bxg3 Qxg3 35. Qf2 Qf4 36. Ke2 R1h7 37. Qe3 Qd6 38. Kd2 Rd8 39. Qe4 Ra7 40. Ke3 a4 41. Nb4 Bd5 42. Nxd5 Qxd5 43. Qxd5 exd5 44. Kd3 Re8 45. Rge1 Rae7 46. Rxe7 Rxe7 47. Ra1 Ra7 48. c4 dxc4+ 49. Kxc4 Rc7+ 50. Kd5 Rc2 51. g4 Rxb2 52. Rxa4 Rf2 53. Ke4 b2 54. Rb4 Kd7 55. Ke3 Rh2 56. Kd3 Kc6 57. Kc3 Rf2 58. Rxb2 Rxf3+ 59. Kc4 Rg3 60. Rf2 Rxg4 61. Rxf6+ Kd7 62. Kd5 Rg1 63. Rg6 g4 64. Ke4 g3 65. Kf3 Rf1+ 66. Kg2 Rd1 67. Rg4 Kd6 1/2-1/2